Párhuzamos emlékezések. {Amintiri paralele}
Elmentve itt :
| Szerző: | |
|---|---|
| Adatforrás: | Meister |
| Forrásdokumentuma: | Helikon. - 2001. 21 ; 22, 12-15 ; 15-18. |
| Nyelv: | magyar |
| Kulcsszavak: | próza proza scurta short story |
| LEADER | 00400nab a2200145 i 4500 | ||
|---|---|---|---|
| 001 | bibPRO00012124 | ||
| 008 | 080908s2001 xx hun | ||
| 040 | |a Sz1 | ||
| 041 | |a hun | ||
| 100 | 1 | |a LÁSZLÓFFY Csaba | |
| 245 | 1 | 0 | |a Párhuzamos emlékezések. {Amintiri paralele} |c LÁSZLÓFFY Csaba |
| 695 | |a próza | ||
| 695 | |a proza scurta | ||
| 695 | |a short story | ||
| 773 | 0 | |t Helikon. - |g 2001. 21 ; 22, 12-15 ; 15-18. | |